000 00508nam a22001817a 4500
005 20150806115847.0
010 _aENG-113785
020 _a9789351434719
_c150.00
035 _aEN-97317
037 _bDBAD/PUB
100 _aSharma, Kirti
245 _aLaw of contract-1 /
_cby Kriti Sharma
260 _aGurgaon
_bLexisNexis
_c2015
270 _a14th Floor, Building No.10, Tower-B, DLF Cyber City, Phase-II
_bGurgaon
_e122002
300 _axvi,336p.
_c23cm(pbk)
760 _b4th ed
942 _2ddc
_cEN
_mSHA
999 _c95473
_d95473